00406nam a22001457a 4500003000400000005001700004008004100021020001800062040002400080050001600104082001600120100003200136245004100168260005100209OSt20211008164030.0211008b |||||||| |||| 00| 0 eng d a0 272 00061 2 cHawassa University  a616.075/BAS a616.075/BAS aKirk, Clive J C[et......al] aBasic Medical Laboratory Technology  aNew YorkbA Willy Biomedical Publishing c1975